[Event "Biel Rapid op 58th"]
[Site "Biel"]
[Date "2025.07.13"]
[Round "3"]
[White "Gruenfeld, Yehuda"]
[Black "Peter, Raymond"]
[Result "1-0"]
[WhiteElo "2367"]
[BlackElo "1915"]
[PlyCount "75"]
[EventDate "2025.07.13"]
[EventType "swiss (rapid)"]
[EventRounds "9"]
[EventCountry "SUI"]
[SourceTitle "CB29_2025"]
[SourceDate "2025.07.16"]
[SourceVersion "1"]
[SourceVersionDate "2025.07.16"]
[SourceQuality "1"]

1. e4 Nf6 2. e5 Nd5 3. d4 d6 4. Nf3 Bg4 5. Be2 dxe5 6. Nxe5 Bxe2 7. Qxe2 e6 8. 0-0 a6 9. c4 Nf6 10. Rd1 Bd6 11. Nc3 0-0 12. Bg5 h6 13. Bh4 c6 14. d5 Bxe5 15. Qxe5 Nbd7 16. Qd4 exd5 17. cxd5 c5 18. Qd2 Qb6 19. d6 Rfe8 20. Re1 Qb4 21. Bxf6 Nxf6 22. Re7 Rxe7 23. dxe7 Re8 24. Re1 c4 25. h3 Kh7 26. a3 Qa5 27. Qf4 Kg8 28. Qxc4 Qb6 29. b4 Qd6 30. Ne4 Qe5 31. Nxf6+ Qxf6 32. Qd5 Qc6 33. Qd4 Qc7 34. Qd5 Qc6 35. Qxc6 bxc6 36. Kf1 f5 37. Rc1 Rxe7 38. Rxc6 1-0

[Event "Biel Rapid op 58th"]
[Site "Biel"]
[Date "2025.07.13"]
[Round "9"]
[White "Pardoen, Theodore"]
[Black "Peter, Raymond"]
[Result "1/2-1/2"]
[WhiteElo "1648"]
[BlackElo "1915"]
[PlyCount "71"]
[EventDate "2025.07.13"]
[EventType "swiss (rapid)"]
[EventRounds "9"]
[EventCountry "SUI"]
[SourceTitle "CB29_2025"]
[SourceDate "2025.07.16"]
[SourceVersion "1"]
[SourceVersionDate "2025.07.16"]
[SourceQuality "1"]

1. e4 Nf6 2. e5 Nd5 3. d4 d6 4. c4 Nb6 5. exd6 exd6 6. Nf3 Bg4 7. Be3 Be7 8. Nc3 0-0 9. h3 Bh5 10. Qe2 Bg6 11. Qd2 h6 12. Bd3 Bxd3 13. Qxd3 Nc6 14. 0-0 Bf6 15. a3 Re8 16. b4 a6 17. Rac1 d5 18. c5 Nc4 19. Nxd5 Nxe3 20. Nxf6+ Qxf6 21. fxe3 Rad8 22. Rcd1 Qe7 23. Rfe1 Qd7 24. d5 Ne5 25. Nxe5 Rxe5 26. e4 Rde8 27. Qc4 Qa4 28. d6 cxd6 29. cxd6 Qd7 30. Qc7 Rd8 31. Rd4 Ree8 32. Qxd7 Rxd7 33. Rc1 f6 34. a4 Red8 35. Rc7 Kf7 36. b5 1/2-1/2

[Event "Biel Rapid op 58th"]
[Site "Biel"]
[Date "2025.07.13"]
[Round "7"]
[White "Von Burg, Carl Alexander"]
[Black "Peter, Raymond"]
[Result "1/2-1/2"]
[WhiteElo "1878"]
[BlackElo "1915"]
[PlyCount "131"]
[EventDate "2025.07.13"]
[EventType "swiss (rapid)"]
[EventRounds "9"]
[EventCountry "SUI"]
[SourceTitle "CB29_2025"]
[SourceDate "2025.07.16"]
[SourceVersion "1"]
[SourceVersionDate "2025.07.16"]
[SourceQuality "1"]

1. d4 Nf6 2. c4 e6 3. g3 Bb4+ 4. Nd2 0-0 5. Bg2 d5 6. Ngf3 dxc4 7. 0-0 b5 8. a4 c6 9. axb5 cxb5 10. Ne1 Nd5 11. Nc2 Be7 12. e4 Nf6 13. e5 Nd5 14. Ne4 Bb7 15. Na3 a6 16. Bd2 Nc6 17. Be3 Nxe3 18. fxe3 Bg5 19. Qe1 Be7 20. Rc1 Rb8 21. Qe2 Nb4 22. Qg4 Bxe4 23. Bxe4 g6 24. h4 h5 25. Qf3 Kg7 26. Nb1 f5 27. exf6+ Rxf6 28. Qe2 Qd6 29. Kg2 Rbf8 30. Nc3 Qc7 31. Rxf6 Rxf6 32. Rf1 Rxf1 33. Qxf1 Bd6 34. Qf3 Nd3 35. Bxd3 cxd3 36. e4 d2 37. e5 Bb4 38. Ne4 Qf7 39. Nf6 Qa7 40. Ne8+ Kg8 41. Qf6 Kh7 42. Qf3 Qe7 43. Nf6+ Kg7 44. Ne4 Qf7 45. Nf6 Be7 46. Qd3 Bxf6 47. exf6+ Qxf6 48. Qxd2 Qf5 49. Kh2 Qd5 50. Qb4 Qd7 51. Kg2 Qc6+ 52. Kh2 Kf7 53. Qd2 Qe4 54. b4 Qf5 55. Kg2 Qd5+ 56. Kh2 e5 57. Qf2+ Kg7 58. dxe5 Qxe5 59. Qa7+ Kh6 60. Qxa6 Qb2+ 61. Kh3 Qxb4 62. Qb6 Qg4+ 63. Kh2 Qe2+ 64. Kh3 Qc4 65. Qb8 Qe6+ 66. Kh2 1/2-1/2

[Event "Zuerich op-B 34th"]
[Site "Zuerich"]
[Date "2010.12.29"]
[Round "6"]
[White "Peter, Raymond"]
[Black "Arocha, Carlos"]
[Result "0-1"]
[WhiteElo "1951"]
[BlackElo "1845"]
[PlyCount "65"]
[EventDate "2010.12.26"]
[EventType "swiss"]
[EventRounds "7"]
[EventCountry "SUI"]
[SourceTitle "CBM 140 Extra"]
[Source "ChessBase"]
[SourceDate "2011.03.01"]
[SourceVersion "1"]
[SourceVersionDate "2011.03.01"]
[SourceQuality "1"]

1. e4 e6 2. d4 d5 3. exd5 exd5 4. Bd3 Bd6 5. h3 Nf6 6. Nf3 0-0 7. 0-0 h6 8. Be3 Be6 9. b3 a5 10. c4 c6 11. c5 Bc7 12. Nc3 Nbd7 13. Na4 Ne4 14. Re1 Ndf6 15. Ne5 Re8 16. Rc1 Nd7 17. Nxd7 Qxd7 18. Bf1 Bf5 19. Qf3 Bg6 20. Bf4 Re7 21. Nb6 Bxb6 22. cxb6 Rae8 23. Re3 Nd2 24. Qd1 Rxe3 25. fxe3 Ne4 26. Bd3 Qd8 27. Bc7 Qg5 28. Bf4 Qf6 29. Qe1 Ra8 30. a4 Qe7 31. Rc2 Qa3 32. Rxc6 Qxb3 33. Qd1 0-1

[Event "Zuerich op-B 31st"]
[Site "Zuerich"]
[Date "2007.??.??"]
[Round "2"]
[White "Peter, Raymond"]
[Black "Durand, Sebastian"]
[Result "1-0"]
[WhiteElo "1962"]
[BlackElo "1792"]
[PlyCount "73"]
[EventDate "2007.12.26"]
[EventType "swiss"]
[EventRounds "7"]
[EventCountry "SUI"]
[SourceTitle "EXT 2019"]
[Source "ChessBase"]
[SourceDate "2018.10.10"]
[SourceVersion "1"]
[SourceVersionDate "2018.10.10"]
[SourceQuality "1"]

1. e4 e5 2. Nc3 Nf6 3. f4 d6 4. Nf3 Nc6 5. Bb5 Bd7 6. d3 a6 7. Ba4 b5 8. Bb3 Bg4 9. h3 Bxf3 10. Qxf3 Nd4 11. Qf2 a5 12. Ne2 Nxb3 13. axb3 c5 14. 0-0 Be7 15. fxe5 dxe5 16. Nc3 b4 17. Nd5 h6 18. Be3 Rc8 19. Nxe7 Qxe7 20. Rxa5 Nd7 21. Ra7 0-0 22. Qf5 Rcd8 23. Rfa1 Qe6 24. Qf2 Rc8 25. R1a5 Qd6 26. R7a6 Rc6 27. Rxc6 Qxc6 28. Bxc5 Rc8 29. Bxb4 Qxc2 30. Qxc2 Rxc2 31. Bc3 Rc1+ 32. Kf2 f6 33. b4 Rd1 34. Rd5 Nb6 35. Rd6 Nc4 36. Rd8+ Kf7 37. Ke2 1-0

[Event "Zuerich op-B 30th"]
[Site "Zuerich"]
[Date "2006.12.26"]
[Round "2"]
[White "Habiger, Gerhard"]
[Black "Peter, Raymond"]
[Result "0-1"]
[WhiteElo "1783"]
[BlackElo "1913"]
[PlyCount "42"]
[EventDate "2006.12.26"]
[EventType "swiss"]
[EventRounds "7"]
[EventCountry "SUI"]
[SourceTitle "CBM 116 Extra"]
[Source "ChessBase"]
[SourceDate "2007.03.07"]
[SourceVersion "1"]
[SourceVersionDate "2007.03.07"]
[SourceQuality "1"]

1. d4 Nf6 2. Nf3 e6 3. a3 c5 4. c4 cxd4 5. Nxd4 Nc6 6. Nc3 Qc7 7. e3 b6 8. Be2 Bb7 9. 0-0 Rc8 10. b3 Nxd4 11. exd4 d5 12. Bg5 Be7 13. Re1 0-0 14. Bd3 h6 15. Bh4 dxc4 16. Bg3 Qc6 17. Be4 Nxe4 18. Nxe4 cxb3 19. f3 b2 20. Ra2 Qc1 21. Qb3 Rc2 0-1

[Event "Zuerich op-B 30th"]
[Site "Zuerich"]
[Date "2006.12.26"]
[Round "6"]
[White "Senn, Roland"]
[Black "Peter, Raymond"]
[Result "0-1"]
[WhiteElo "1995"]
[BlackElo "1913"]
[PlyCount "98"]
[EventDate "2006.12.26"]
[EventType "swiss"]
[EventRounds "7"]
[EventCountry "SUI"]
[SourceTitle "CBM 116 Extra"]
[Source "ChessBase"]
[SourceDate "2007.03.07"]
[SourceVersion "1"]
[SourceVersionDate "2007.03.07"]
[SourceQuality "1"]

1. d4 Nf6 2. c4 e6 3. Nc3 Bb4 4. g3 0-0 5. Bg2 d5 6. Nf3 c6 7. 0-0 Re8 8. Bf4 Nbd7 9. Ne5 Bf8 10. e4 Nb6 11. c5 Nbd7 12. Nxd7 Nxd7 13. Re1 b6 14. b4 Bb7 15. e5 bxc5 16. bxc5 Qa5 17. Bd2 Qc7 18. f4 Ba6 19. Qa4 Bd3 20. Nd1 a5 21. Ne3 Reb8 22. Qa3 Bb5 23. Qc3 a4 24. Rab1 Ba6 25. a3 Ra7 26. Qc2 Bb5 27. g4 f6 28. Bb4 Be7 29. g5 fxg5 30. fxg5 Bxg5 31. Bh3 Nf8 32. Qg2 Qe7 33. Rb2 Bd3 34. Nd1 Bh6 35. Qg3 Qg5 36. Rf2 Rf7 37. Qxg5 Bxg5 38. Rxf7 Kxf7 39. Nf2 Bc4 40. Kg2 Ng6 41. Bg4 Nf4+ 42. Kg3 h5 43. Bf3 Bh6 44. Bd1 g5 45. Kf3 g4+ 46. Kg3 Rg8 47. Rh1 Bb5 48. Ba5 Ke7 49. Bb4 Rf8 0-1

[Event "Zuerich op-B 29th"]
[Site "Zuerich"]
[Date "2005.12.30"]
[Round "7"]
[White "Juen, Leopold"]
[Black "Peter, Raymond"]
[Result "1-0"]
[WhiteElo "2045"]
[BlackElo "1923"]
[PlyCount "35"]
[EventDate "2005.12.26"]
[EventType "swiss"]
[EventRounds "7"]
[EventCountry "SUI"]
[SourceTitle "CBM 110 Extra"]
[Source "ChessBase"]
[SourceDate "2006.03.10"]
[SourceVersion "2"]
[SourceVersionDate "2006.03.10"]
[SourceQuality "1"]

1. e4 c5 2. Nc3 e6 3. g3 b6 4. Bg2 Bb7 5. Nge2 g6 6. 0-0 Bg7 7. f4 Ne7 8. d4 d5 9. dxc5 bxc5 10. f5 gxf5 11. exd5 Nxd5 12. Nxd5 Bxd5 13. Bxd5 Qxd5 14. Qxd5 exd5 15. Rxf5 0-0 16. Rxd5 Re8 17. Kf1 Na6 18. c3 1-0

[Event "Bern op"]
[Site "Bern"]
[Date "2004.02.15"]
[Round "7"]
[White "Kraehenbuehl, Jean"]
[Black "Peter, Raymond"]
[Result "0-1"]
[WhiteElo "1789"]
[BlackElo "1955"]
[PlyCount "114"]
[EventDate "2004.02.??"]
[EventType "swiss"]
[EventRounds "7"]
[EventCountry "SUI"]
[SourceTitle "EXT 2005"]
[Source "ChessBase"]
[SourceDate "2004.11.15"]
[SourceVersion "1"]
[SourceVersionDate "2004.11.15"]
[SourceQuality "1"]

1. e4 c5 2. Nf3 e6 3. d4 cxd4 4. Nxd4 a6 5. Nc3 Qc7 6. a3 Nf6 7. Be3 b5 8. Be2 Bb7 9. f3 Nc6 10. 0-0 Rc8 11. Kh1 Na5 12. Bd3 Nc4 13. Bxc4 Qxc4 14. Qe2 d5 15. exd5 Bxd5 16. Rfd1 Qxe2 17. Ndxe2 Be7 18. Nf4 Ba8 19. Rd2 0-0 20. Nfe2 h6 21. Kg1 Rfe8 22. Kf2 g5 23. h3 Nd5 24. Nxd5 Bxd5 25. Nc3 Bc6 26. Ne2 f5 27. Bb6 e5 28. Nc3 Kf7 29. Ba5 e4 30. fxe4 fxe4 31. Kf1 e3 32. Re2 Bc5 33. Rd1 Ke6 34. Kg1 Ke5 35. Bb4 Bb6 36. Bd6+ Ke6 37. Bg3 Rcd8 38. Rde1 Kf5 39. Nd1 Rd2 40. Kf1 Rxe2 41. Rxe2 h5 42. Nc3 a5 43. b4 axb4 44. axb4 Bd4 45. Nd1 Bd5 46. c3 Bb6 47. Nb2 Ra8 48. Kg1 Ra2 49. Kf1 Ke4 50. Bd6 Ra3 51. Rc2 Ra1+ 52. Ke2 Bb3 53. c4 Bxc2 54. c5 Bd8 55. c6 Bd3+ 56. Nxd3 Ra2+ 57. Kd1 Kxd3 0-1